000 00457nam a2200193Ia 4500
003 GCL
008 140319s9999 xx 000 0 aRus d
040 _aGCL /
_cGCL
082 0 4 _a843
_bL H
100 1 _aLORIGA, RAY
245 1 0 _aHEROES /
_cLORIGA, RAY
260 _a[S.N] :
_bPLAZA & JANES ،
_c1995
300 _a173
650 0 4 _aLITERATURE
650 0 4 _aFICTION
650 0 4 _aSPANISH LITERATURE
650 0 4 _aSPANISH FICTION
942 _2ddc
_cBK
999 _c12937
_d12937